<?xml version="1.0" encoding="UTF-8"?>
<record
    xmlns:xsi="http://www.w3.org/2001/XMLSchema-instance"
    xsi:schemaLocation="http://www.loc.gov/MARC21/slim http://www.loc.gov/standards/marcxml/schema/MARC21slim.xsd"
    xmlns="http://www.loc.gov/MARC21/slim">

  <leader>01355nam a2200277 u 4500</leader>
  <controlfield tag="001">56526</controlfield>
  <controlfield tag="005">20260428111256.0</controlfield>
  <controlfield tag="008">960313s1987                        spa  </controlfield>
  <datafield tag="020" ind1=" " ind2=" ">
    <subfield code="a">9788474761078</subfield>
  </datafield>
  <datafield tag="035" ind1=" " ind2=" ">
    <subfield code="a">56526</subfield>
  </datafield>
  <datafield tag="035" ind1=" " ind2=" ">
    <subfield code="a">(OCoLC)778161014</subfield>
  </datafield>
  <datafield tag="041" ind1=" " ind2=" ">
    <subfield code="a">spa</subfield>
  </datafield>
  <datafield tag="082" ind1=" " ind2="4">
    <subfield code="a">320</subfield>
  </datafield>
  <datafield tag="100" ind1="1" ind2="0">
    <subfield code="a">&#xC1;lvarez Junco, Jos&#xE9;</subfield>
    <subfield code="4">aut</subfield>
    <subfield code="e">aut</subfield>
  </datafield>
  <datafield tag="245" ind1="1" ind2="0">
    <subfield code="a">Populismo, caudillaje y discurso de demagogico</subfield>
  </datafield>
  <datafield tag="260" ind1=" " ind2=" ">
    <subfield code="a">Barcelona :</subfield>
    <subfield code="b">Siglo XXI Editores,</subfield>
    <subfield code="c">1987.</subfield>
  </datafield>
  <datafield tag="300" ind1=" " ind2=" ">
    <subfield code="a">326 p&#xE1;ginas</subfield>
  </datafield>
  <datafield tag="520" ind1="3" ind2=" ">
    <subfield code="a">RESUMEN : "La preocupaci&#xF3;n fundamental que inspira esta obra colectiva es la necesidad de explicar ciertos fen&#xF3;menos vinculados a los procesos revolucionarios y de protesta popular en las sociedades modernas, a los que el an&#xE1;lisis hist&#xF3;rico s&#xF3;lo se refiere, con frecuencia, a t&#xED;tulo de anomal&#xED;a o desviaci&#xF3;n. Se han combinado una serie de art&#xED;culos de elaboraci&#xF3;n te&#xF3;rica sobre las ideas de revoluci&#xF3;n, caudillaje, modernizaci&#xF3;n, populismo y discurso demag&#xF3;gico con estudios concretos sobre temas hist&#xF3;ricos espa&#xF1;oles del &#xFA;ltimo siglo y medio."</subfield>
  </datafield>
  <datafield tag="650" ind1=" " ind2="7">
    <subfield code="a">Populismo</subfield>
    <subfield code="2">lemb</subfield>
    <subfield code="9">63</subfield>
  </datafield>
  <datafield tag="650" ind1=" " ind2="7">
    <subfield code="a">Ciencia pol&#xED;tica</subfield>
    <subfield code="2">lemb</subfield>
    <subfield code="9">162424</subfield>
  </datafield>
  <datafield tag="650" ind1=" " ind2=" ">
    <subfield code="a">Revoluci&#xF3;n</subfield>
    <subfield code="9">457</subfield>
  </datafield>
  <datafield tag="650" ind1=" " ind2="7">
    <subfield code="a">Liderazgo</subfield>
    <subfield code="2">lemb</subfield>
    <subfield code="9">920</subfield>
  </datafield>
  <datafield tag="650" ind1=" " ind2=" ">
    <subfield code="a">Espa&#xF1;a - Historia pol&#xED;tica</subfield>
    <subfield code="9">21</subfield>
  </datafield>
  <datafield tag="710" ind1="2" ind2="0">
    <subfield code="a">Centro de Investigaciones Sociologicas</subfield>
    <subfield code="4">aut</subfield>
    <subfield code="e">aut</subfield>
    <subfield code="9">828527</subfield>
  </datafield>
  <datafield tag="942" ind1=" " ind2=" ">
    <subfield code="c">BOOK</subfield>
  </datafield>
  <datafield tag="999" ind1=" " ind2=" ">
    <subfield code="c">15061</subfield>
    <subfield code="d">15061</subfield>
  </datafield>
  <datafield tag="952" ind1=" " ind2=" ">
    <subfield code="0">0</subfield>
    <subfield code="1">0</subfield>
    <subfield code="4">0</subfield>
    <subfield code="7">0</subfield>
    <subfield code="8">SEMIACTIVA</subfield>
    <subfield code="a">BC</subfield>
    <subfield code="b">BC</subfield>
    <subfield code="d">1998-04-23</subfield>
    <subfield code="i">C92975</subfield>
    <subfield code="l">0</subfield>
    <subfield code="o">320.946 A473p</subfield>
    <subfield code="p">61000002587679</subfield>
    <subfield code="r">2023-04-20 00:00:00</subfield>
    <subfield code="t">1</subfield>
    <subfield code="w">2023-04-20</subfield>
    <subfield code="y">BOOK</subfield>
  </datafield>
</record>
